Мянган эрийн сэтгэл булаасан бүсгүй (Бичлэгийн дугаар. 1083247)

MARC дэлгэрэнгүй
000 -Удирдлага
Ном зүйн бүртгэл тоо буюу кодлох утгыг агуулсан 00613nam a22002057a 4500
008 - ЕРӨНХИЙ МЭДЭЭЛЭЛ-ЭЛЕМЕНТҮҮДИЙН ӨГӨГДЛИЙН УРТ
fixed length control field 240702b mp ||||| |||| 00| 0 mon d
035 ## - СИСТЕМИЙН ХЯНАЛТЫН ДУГААР
Системийн хяналтын дугаар 15384
040 ## - ЭХ СУРВАЛЖИЙГ ТОДОРХОЙЛОН БИЧИХ
Анхны каталогийн байгууллага ZA2481090
Каталогийн хэл Монгол
Бичлэг хийж нэвтрүүлэх байгууллага MN-UlNLM
Өөрчлүүлэх байгууллага MN-UlNLM
Бичиглэлийн тодорхойлолт rda
041 ## - ХЭЛНИЙ КОД
Текстийн хэлний код/фонограм буюу салангид гарчиг Монгол
042 ## - AUTHENTICATION CODE
Authentication code 38636
084 ## - БУСАД АНГИЛЛЫН ДУГААР
Ангиллын нэр Номын сан номзүйн ангилал
Анги 84/5мон/-44
Зохиогчийн 3-н тэмдэгт Ч-205
100 ## - ЗОХИОГЧИЙН ХЭСЭГ
Зохиогчийн нэр Чандар К.
245 #0 - ҮНДСЭН ГАРЧИГ
Гарчиг Мянган эрийн сэтгэл булаасан бүсгүй
264 ## - ГАРАЛТЫН МЭДЭЭ
Хэвлэгдсэн газар улаанбаатар
Бүтээгч, хэвлэгч, түгээгч, үйлдвэрлэгчийн нэр АДМОН
Хэвлэгдсэн он 2009
300 ## - ТООНЫ МЭДЭЭ
Хуудасны тоо 147х.
336 ## - АГУУЛГЫН ТӨРӨЛ
Нөөц rdacontent
Агуулгын төрлийн нөхцөл text
Агуулгын төрлийн код txt
337 ## - MEDIA TYPE
Эх сурвалж rdamedia
Файлын төрөл unmediated
Файлын код n
338 ## - CARRIER TYPE
Source rdacarrier
Carrier type term volume
Carrier type code nc
942 ## - ЭЛЕМЕНТИЙН ТӨРӨЛ
Анги Номын сан номзүйн ангилал
Төрөл Ном
Захиалгууд
Буцаан татагдсан төлөв Хасагдсан шалтгаан Гэмтсэн төлөв Данс заагч Захиалах боломжгүй Үндсэн номын сан Одоогийн байршил Салбар танхим Салбар танхим Бүртгэсэн огноо Тавиурын заалт Баркод Үнэ Хамгийн сүүлд байсан огноо Нийт уншлаганд гарсан тоо Дансны дугаар Төрөл
          Завхан аймаг Завхан аймаг Завхан | Гэрээр ном олгох танхим Завхан | Гэрээр ном олгох танхим 2024-07-06 84/5мон/-44 Ч-205 ZA24815384-1-1 4500.00 2024-07-06   95914 Ном
          Завхан аймаг Завхан аймаг Завхан | Гадаад уншлагын танхим Завхан | Гадаад уншлагын танхим 2024-07-06 84/5мон/-44 Ч-205 ZA24815384-4-1 4500.00 2024-07-06   99586 Ном